LEADER 01956nam a2200337 i 4500 001 000000180975 003 CaOOAMICUS 005 20221122121728.0 008 090807s1992 fr u000 u fre u 013 $a158756 020 $a2-204-04532-2 020 $a2-220-03317-1 040 $aSeMil$bita 100 1 $aThérèse : de l'Enfant-Jésus,$c.$0(OLS)http://semarc/name/98600 240 10$aDerniers entretiens.$0(OLS)http://semarc/title/102563 245 10$aDerniers entretiens avec ses soeurs (Mère Agnès de Jésus, Soeur Geneviève, Soeur Marie du Sacré-Coeur) et témoignages divers /$cSainte Thérèse de l'Enfante Jésus et de la Sainte-Face ; [réalisé par soeur Cécile ... et al.]. 250 $a2. éd. revue et corrigée. 264 1$a[Paris] :$bÉditions du Cerf ;$a[Bruges] :$bDesclée de Brouwer,$c1992. 300 $a926 p., [4] p. di tav. :$bill. col., facs. ;$c20 cm. 650 4$aTeresa : del Bambino Gesù - Testimonianze.$0(OLS)http://semarc/subject/32875 700 1 $aCécile .$0(OLS)http://semarc/name/9764 773 0 $tÉdition critique des oeuvres complètes de sainte Thérèse de l'Enfant-Jésus et de la Sainte-Face.$dParis : Les Éditions du Cerf, 1992.$bNouvelle éd. du centenaire.$w()21825 850 $aSeMil 852 $aSeMil$W1$xVenegono$y1$m2C IV 507$j131723$B131723$CSeMilBibl$Z2$F143593 $81 961 $aAcquisto: SODIS 996 $6020$a2-204-04532-2$9(OLS)http://semarc/number/170401 996 $6020$a2-220-03317-1$9(OLS)http://semarc/number/170402 996 $6245$aDerniers entretiens avec ses soeurs (Mère Agnès de Jésus, Soeur Geneviève, Soeur Marie du Sacré-Coeur) et témoignages divers$9(OLS)http://semarc/title/259853 996 $6264$a[Paris] :$bÉditions du Cerf$9(OLS)http://semarc/publisher/35602 996 $6264$a[Bruges] :$bDesclée de Brouwer$9(OLS)http://semarc/publisher/40270 LEADER 01063nam a2200277 i 4500 001 000000121946 003 CaOOAMICUS 005 20040116000000.0 008 040116s1979 fr u000 u fre u 013 $a94641 020 $a2-204-01338-2 040 $aSeMil$bita 100 1 $aZundel, Maurice,$d<1897-1975>.$0(OLS)http://semarc/name/22588 245 10$aNotre Dame de la Sagesse /$cMaurice Zundel. 250 $aNouvelle éd. 260 $aParis :$bLes Éditions du Cerf,$c1979. 300 $a121 p. ;$c18 cm. 490 0 $aFoi vivante ;$v192 650 4$aMadonna - Meditazioni.$0(OLS)http://semarc/subject/920 830 0$aFoi vivante ;$v192.$0(OLS)http://semarc/title/11652 850 $aSeMil 852 $aSeMil$W1$xVenegono$y1$m2L I 133/A$j76987$B76987$CSeMilBibl$Z2$F87877 $81 961 $aOmaggio: Codega don Ettore 996 $6020$a2-204-01338-2$9(OLS)http://semarc/number/107592 996 $6245$aNotre Dame de la Sagesse$9(OLS)http://semarc/title/179657 996 $6260$aParis :$bLes Éditions du Cerf$9(OLS)http://semarc/publisher/29611